Office 97 soluciones soporte técnico, certificado / Martin S. Matthews (Registro nro. 6117)
[ vista simple ]
| 000 -LEADER | |
|---|---|
| fixed length control field | 00503nam a22001931a 4500 |
| 001 - CONTROL NUMBER | |
| control field | 6117 |
| 003 - CONTROL NUMBER IDENTIFIER | |
| control field | OSt |
| 005 - DATE AND TIME OF LATEST TRANSACTION | |
| control field | 20260204212040.0 |
| 008 - FIXED-LENGTH DATA ELEMENTS--GENERAL INFORMATION | |
| fixed length control field | 060308s1998||||mx ||||||b||||||||||spa|| |
| 020 ## - NUMERO DE LIBRO INTERNACIONAL NORMALIZADO | |
| International Standard Book Number | 9701020685 |
| 050 ## - LIBRARY OF CONGRESS CALL NUMBER | |
| Classification number | 004 M432o |
| 100 ## - ASIENTO PRINCIPAL -- NOMBRE PERSONAL | |
| Personal name | Matthews, Martin S. |
| 245 ## - TÍTULO PROPIAMENTE DICHO: SUBTÍTULO | |
| Title | Office 97 soluciones soporte técnico, certificado / Martin S. Matthews |
| 264 ## - PRODUCTION, PUBLICATION, DISTRIBUTION, MANUFACTURE, AND COPYRIGHT NOTICE | |
| Place of production, publication, distribution, manufacture | México : McGraw-Hill |
| 300 ## - PHYSICAL DESCRIPTION | |
| Extensión | 468 p |
| 500 ## - GENERAL NOTE | |
| General note | Incluye indice. |
| 650 ## - ASIENTO SECUNDARIO DE MATERIA -- TERMINO TEMÁTICO | |
| Termino Temático Como Elemento de Entrada | 1.Informática 2.OfficeÌ |
| 942 ## - ADDED ENTRY ELEMENTS (KOHA) | |
| Source of classification or shelving scheme | Dewey Decimal Classification |
| Koha item type | Libros |
| Withdrawn status | Lost status | Source of classification or shelving scheme | Damaged status | Not for loan | Current library | Date acquired | Full call number | Barcode | Date last seen | Price effective from | Koha item type |
|---|---|---|---|---|---|---|---|---|---|---|---|
| Dewey Decimal Classification | Descartado para donación | Biblioteca UTECO | 09/09/2019 | 004 M432O | 010977 | 09/09/2019 | 09/09/2019 | Libros |
